000 00410nam a2200181Ia 4500
001 4840
005 20260306145824.0
008 260306t2006||||xx |||||||||||||| ||spa||
041 _aESP
082 _a330.90511
_bF84
100 _aFriedman, Thomas
_eAUT
245 0 _aLa tierra es plana
260 _c2006
300 _a495 páginas :
_ccm.
650 _aGEN
654 _aCAN
942 _cLIB
_dJUS
_fJUS
_2ddc
_n
999 _c4840
_d4840